<?xml version="1.0" encoding="UTF-8"?>
<record
    xmlns:xsi="http://www.w3.org/2001/XMLSchema-instance"
    xsi:schemaLocation="http://www.loc.gov/MARC21/slim http://www.loc.gov/standards/marcxml/schema/MARC21slim.xsd"
    xmlns="http://www.loc.gov/MARC21/slim">

  <leader>03969nam a2200901 a 4500</leader>
  <controlfield tag="005">20240325135011.0</controlfield>
  <controlfield tag="008">100813t2015||||ag a   f |||| 001 0 spa d</controlfield>
  <datafield tag="020" ind1=" " ind2=" ">
    <subfield code="a">9789871860104</subfield>
  </datafield>
  <datafield tag="041" ind1=" " ind2=" ">
    <subfield code="a">spa</subfield>
  </datafield>
  <datafield tag="092" ind1=" " ind2=" ">
    <subfield code="c">576.8</subfield>
    <subfield code="l">10</subfield>
    <subfield code="s">CAR</subfield>
  </datafield>
  <datafield tag="100" ind1="1" ind2=" ">
    <subfield code="a">Carballal, Guadalupe.</subfield>
    <subfield code="9">931</subfield>
  </datafield>
  <datafield tag="245" ind1=" " ind2=" ">
    <subfield code="a">Virolog&#xED;a m&#xE9;dica /  </subfield>
    <subfield code="c">Guadalupe Carballal</subfield>
  </datafield>
  <datafield tag="250" ind1=" " ind2=" ">
    <subfield code="a">4a ed.</subfield>
  </datafield>
  <datafield tag="260" ind1=" " ind2=" ">
    <subfield code="a">Buenos Aires: </subfield>
    <subfield code="b">Corpus;</subfield>
    <subfield code="c">2015.</subfield>
  </datafield>
  <datafield tag="300" ind1=" " ind2=" ">
    <subfield code="a">792 p.</subfield>
    <subfield code="c">20X28 cm.</subfield>
  </datafield>
  <datafield tag="500" ind1=" " ind2=" ">
    <subfield code="a">Carballal, G. y Oubi&#xF1;a, J. R. (Col.). (2015). Virolog&#xED;a m&#xE9;dica. (4a ed.). Buenos Aires : Corpus.</subfield>
  </datafield>
  <datafield tag="653" ind1=" " ind2=" ">
    <subfield code="a">Introducci&#xF3;n al estudio de la virolog&#xED;a</subfield>
  </datafield>
  <datafield tag="653" ind1=" " ind2=" ">
    <subfield code="a">Replicaci&#xF3;n viral</subfield>
  </datafield>
  <datafield tag="653" ind1=" " ind2=" ">
    <subfield code="a">&#xBF;C&#xF3;mo se estudian los virus?</subfield>
  </datafield>
  <datafield tag="653" ind1=" " ind2=" ">
    <subfield code="a">Gen&#xE9;tica del viral</subfield>
  </datafield>
  <datafield tag="653" ind1=" " ind2=" ">
    <subfield code="a">Patogenia de las infecciones virales</subfield>
  </datafield>
  <datafield tag="653" ind1=" " ind2=" ">
    <subfield code="a">Mecanismos de defensa del hospedador frente a las infecciones virales</subfield>
  </datafield>
  <datafield tag="653" ind1=" " ind2=" ">
    <subfield code="a">Evasi&#xF3;n viral a la respuesta inmune del hospedador</subfield>
  </datafield>
  <datafield tag="653" ind1=" " ind2=" ">
    <subfield code="a">Diagn&#xF3;stico virol&#xF3;gico</subfield>
  </datafield>
  <datafield tag="653" ind1=" " ind2=" ">
    <subfield code="a">Ensayos automatizados para el diagn&#xF3;stico virol&#xF3;gico</subfield>
  </datafield>
  <datafield tag="653" ind1=" " ind2=" ">
    <subfield code="a">Introducci&#xF3;n al aseguramiento de la calidad y control de la calidad en el laboratorio de virolog&#xED;a cl&#xED;nica</subfield>
  </datafield>
  <datafield tag="653" ind1=" " ind2=" ">
    <subfield code="a">Conceptos sobre epidemiol&#xF3;gia de la infecciones virales</subfield>
  </datafield>
  <datafield tag="653" ind1=" " ind2=" ">
    <subfield code="a">Iinfecciones respiratorias de origen viral:impacto y diagn&#xF3;stico etiol&#xF3;gico</subfield>
  </datafield>
  <datafield tag="653" ind1=" " ind2=" ">
    <subfield code="a">Orthomyxovirus</subfield>
  </datafield>
  <datafield tag="653" ind1=" " ind2=" ">
    <subfield code="a">Paramyxovirus</subfield>
  </datafield>
  <datafield tag="653" ind1=" " ind2=" ">
    <subfield code="a">Adenovirus</subfield>
  </datafield>
  <datafield tag="653" ind1=" " ind2=" ">
    <subfield code="a">Vigilancia epidemiol&#xF3;gica de las virosis respiratorias en Argentina</subfield>
  </datafield>
  <datafield tag="653" ind1=" " ind2=" ">
    <subfield code="a">Rub&#xE9;ola</subfield>
  </datafield>
  <datafield tag="653" ind1=" " ind2=" ">
    <subfield code="a">Parvovirus</subfield>
  </datafield>
  <datafield tag="653" ind1=" " ind2=" ">
    <subfield code="a">Enterovirus</subfield>
  </datafield>
  <datafield tag="653" ind1=" " ind2=" ">
    <subfield code="a">Virus productores de diarreas.</subfield>
  </datafield>
  <datafield tag="653" ind1=" " ind2=" ">
    <subfield code="a">Retrovirus</subfield>
  </datafield>
  <datafield tag="653" ind1=" " ind2=" ">
    <subfield code="a">Virus de la inmunodeficiencia humana (VIH)</subfield>
  </datafield>
  <datafield tag="653" ind1=" " ind2=" ">
    <subfield code="a">Herpesvirus</subfield>
  </datafield>
  <datafield tag="653" ind1=" " ind2=" ">
    <subfield code="a">Hepatitis virales</subfield>
  </datafield>
  <datafield tag="653" ind1=" " ind2=" ">
    <subfield code="a">Fiebres hemorr&#xE1;gicas de origen viral</subfield>
  </datafield>
  <datafield tag="653" ind1=" " ind2=" ">
    <subfield code="a">Virus de la rabia</subfield>
  </datafield>
  <datafield tag="653" ind1=" " ind2=" ">
    <subfield code="a">Virus transmitidos por artr&#xF3;podos</subfield>
  </datafield>
  <datafield tag="653" ind1=" " ind2=" ">
    <subfield code="a">Familia poxviridae</subfield>
  </datafield>
  <datafield tag="653" ind1=" " ind2=" ">
    <subfield code="a">Papilomavirus humanos (HPV)</subfield>
  </datafield>
  <datafield tag="653" ind1=" " ind2=" ">
    <subfield code="a">Poliomavirus: virus BK Y JC</subfield>
  </datafield>
  <datafield tag="653" ind1=" " ind2=" ">
    <subfield code="a">Encefalopat&#xED;as espongiformes transmisibles</subfield>
  </datafield>
  <datafield tag="653" ind1=" " ind2=" ">
    <subfield code="a">Virus emergentes y re-emergentes</subfield>
  </datafield>
  <datafield tag="653" ind1=" " ind2=" ">
    <subfield code="a">Dengue</subfield>
  </datafield>
  <datafield tag="653" ind1=" " ind2=" ">
    <subfield code="a">Virus del Nilo Occidental (West Nile Virus)</subfield>
  </datafield>
  <datafield tag="653" ind1=" " ind2=" ">
    <subfield code="a">Hantavirus</subfield>
  </datafield>
  <datafield tag="653" ind1=" " ind2=" ">
    <subfield code="a">S&#xED;ndrome respiratorio agudo grave</subfield>
  </datafield>
  <datafield tag="653" ind1=" " ind2=" ">
    <subfield code="a">Infecciones respiratorias en pediatr&#xED;a</subfield>
  </datafield>
  <datafield tag="653" ind1=" " ind2=" ">
    <subfield code="a">Infecciones respiratorias en adultos</subfield>
  </datafield>
  <datafield tag="653" ind1=" " ind2=" ">
    <subfield code="a">Infecciones virales de piel y mucosas</subfield>
  </datafield>
  <datafield tag="653" ind1=" " ind2=" ">
    <subfield code="a">Diagn&#xF3;stico de gastroenteritis virales</subfield>
  </datafield>
  <datafield tag="653" ind1=" " ind2=" ">
    <subfield code="a">Hepatitis virales:diagn&#xF3;stico diferencial</subfield>
  </datafield>
  <datafield tag="653" ind1=" " ind2=" ">
    <subfield code="a">Infecciones  genitourinarias de origen viral</subfield>
  </datafield>
  <datafield tag="653" ind1=" " ind2=" ">
    <subfield code="a">Infecciones virales en la embarazaday el recien nacido</subfield>
  </datafield>
  <datafield tag="653" ind1=" " ind2=" ">
    <subfield code="a">Infecciones virales transmisibles por v&#xED;a transfusional</subfield>
  </datafield>
  <datafield tag="653" ind1=" " ind2=" ">
    <subfield code="a">Infecciones virales en pacientes con inmunosupresion post-transplante</subfield>
  </datafield>
  <datafield tag="653" ind1=" " ind2=" ">
    <subfield code="a">Infecciones virales del sistema nervioso central</subfield>
  </datafield>
  <datafield tag="653" ind1=" " ind2=" ">
    <subfield code="a">Infecciones oportunistas virales en pacientes con enfermedad HIV/SIDA</subfield>
  </datafield>
  <datafield tag="653" ind1=" " ind2=" ">
    <subfield code="a">Vacunas virales</subfield>
  </datafield>
  <datafield tag="653" ind1=" " ind2=" ">
    <subfield code="a">Agentes antivirales</subfield>
  </datafield>
  <datafield tag="653" ind1=" " ind2=" ">
    <subfield code="a">Introducci&#xF3;n al tratamiento antirretroviral y resistencia en la infecci&#xF3;n por HIV-1</subfield>
  </datafield>
  <datafield tag="653" ind1=" " ind2=" ">
    <subfield code="a">Virolog&#xED;a ambiental: virus transmitidos por agua y alimentos</subfield>
  </datafield>
  <datafield tag="653" ind1=" " ind2=" ">
    <subfield code="a">Evoluci&#xF3;n viral</subfield>
  </datafield>
  <datafield tag="653" ind1=" " ind2=" ">
    <subfield code="a">Epidemiolog&#xED;a molecular del virus sincicial respiratorio en Argentina</subfield>
  </datafield>
  <datafield tag="653" ind1=" " ind2=" ">
    <subfield code="a">Epidemiolog&#xED;a molecular de las infecciones respiratorias agudas por adenovirus</subfield>
  </datafield>
  <datafield tag="653" ind1=" " ind2=" ">
    <subfield code="a">Epidemiolog&#xED;a molecular del metapneumovirus humano</subfield>
  </datafield>
  <datafield tag="653" ind1=" " ind2=" ">
    <subfield code="a">Epidemiolog&#xED;a molecular del Hantavirus</subfield>
  </datafield>
  <datafield tag="653" ind1=" " ind2=" ">
    <subfield code="a">Bioseguridad en la pr&#xE1;ctica biom&#xE9;dica y en el laboratorio</subfield>
  </datafield>
  <datafield tag="653" ind1=" " ind2=" ">
    <subfield code="a">Virus respitatorios emergentes y el nuevo impacto de los rinovirus por medio del diagn&#xF3;stico molecular</subfield>
  </datafield>
  <datafield tag="653" ind1=" " ind2=" ">
    <subfield code="a">Los comienzos de la pandemia por una nueva cepa de Influenza A (H1N1),2009</subfield>
  </datafield>
  <datafield tag="700" ind1="1" ind2=" ">
    <subfield code="a">Oubi&#xF1;a, Jos&#xE9; Ra&#xFA;l.</subfield>
    <subfield code="9">932</subfield>
  </datafield>
  <datafield tag="942" ind1=" " ind2=" ">
    <subfield code="2">ddc</subfield>
    <subfield code="c">BK</subfield>
  </datafield>
  <datafield tag="999" ind1=" " ind2=" ">
    <subfield code="c">2135</subfield>
    <subfield code="d">2135</subfield>
  </datafield>
  <datafield tag="952" ind1=" " ind2=" ">
    <subfield code="0">0</subfield>
    <subfield code="1">0</subfield>
    <subfield code="2">ddc</subfield>
    <subfield code="4">0</subfield>
    <subfield code="7">0</subfield>
    <subfield code="8">REF</subfield>
    <subfield code="a">BFM</subfield>
    <subfield code="b">BFM</subfield>
    <subfield code="c">REF</subfield>
    <subfield code="d">2015-02-05</subfield>
    <subfield code="g">520.00</subfield>
    <subfield code="l">3</subfield>
    <subfield code="o">576.8 10 CAR</subfield>
    <subfield code="p">3432</subfield>
    <subfield code="r">2018-08-09</subfield>
    <subfield code="s">2018-06-29</subfield>
    <subfield code="t">Ej. 4</subfield>
    <subfield code="w">2015-02-05</subfield>
    <subfield code="y">REF</subfield>
    <subfield code="z">LIBRO DE CONSULTA. COMPRA ENERO 2015. Sede Tordos. </subfield>
    <subfield code="f"></subfield>
  </datafield>
  <datafield tag="952" ind1=" " ind2=" ">
    <subfield code="0">0</subfield>
    <subfield code="1">0</subfield>
    <subfield code="2">ddc</subfield>
    <subfield code="4">0</subfield>
    <subfield code="7">0</subfield>
    <subfield code="a">BFM</subfield>
    <subfield code="b">BFM</subfield>
    <subfield code="c">CR</subfield>
    <subfield code="d">2015-02-05</subfield>
    <subfield code="g">520.00</subfield>
    <subfield code="l">22</subfield>
    <subfield code="m">5</subfield>
    <subfield code="o">576.8 10 CAR</subfield>
    <subfield code="p">3433</subfield>
    <subfield code="r">2024-11-20</subfield>
    <subfield code="s">2024-11-20</subfield>
    <subfield code="t">Ej. 5</subfield>
    <subfield code="w">2015-02-05</subfield>
    <subfield code="y">BK</subfield>
    <subfield code="z">COMPRA ENERO 2015. Sede Tordos. </subfield>
    <subfield code="f"></subfield>
  </datafield>
  <datafield tag="952" ind1=" " ind2=" ">
    <subfield code="0">0</subfield>
    <subfield code="1">0</subfield>
    <subfield code="2">ddc</subfield>
    <subfield code="4">0</subfield>
    <subfield code="7">0</subfield>
    <subfield code="a">BFM</subfield>
    <subfield code="b">BFM</subfield>
    <subfield code="c">CR</subfield>
    <subfield code="d">2015-02-05</subfield>
    <subfield code="g">520.00</subfield>
    <subfield code="l">50</subfield>
    <subfield code="m">10</subfield>
    <subfield code="o">576.8 10 CAR</subfield>
    <subfield code="p">3434</subfield>
    <subfield code="r">2024-11-22</subfield>
    <subfield code="s">2024-11-20</subfield>
    <subfield code="t">Ej. 6</subfield>
    <subfield code="w">2015-02-05</subfield>
    <subfield code="y">BK</subfield>
    <subfield code="z">COMPRA ENERO 2015</subfield>
  </datafield>
  <datafield tag="952" ind1=" " ind2=" ">
    <subfield code="0">0</subfield>
    <subfield code="1">0</subfield>
    <subfield code="2">ddc</subfield>
    <subfield code="4">0</subfield>
    <subfield code="7">0</subfield>
    <subfield code="a">BFM</subfield>
    <subfield code="b">BFM</subfield>
    <subfield code="c">CR</subfield>
    <subfield code="d">2015-02-05</subfield>
    <subfield code="g">520.00</subfield>
    <subfield code="l">9</subfield>
    <subfield code="m">8</subfield>
    <subfield code="o">576.8 10 CAR</subfield>
    <subfield code="p">3435</subfield>
    <subfield code="q">2029-03-01</subfield>
    <subfield code="r">2016-04-27</subfield>
    <subfield code="s">2016-04-27</subfield>
    <subfield code="t">Ej. 7</subfield>
    <subfield code="w">2015-02-05</subfield>
    <subfield code="y">BK</subfield>
    <subfield code="z">COMPRA ENERO 2015</subfield>
  </datafield>
  <datafield tag="952" ind1=" " ind2=" ">
    <subfield code="0">0</subfield>
    <subfield code="1">0</subfield>
    <subfield code="2">ddc</subfield>
    <subfield code="4">0</subfield>
    <subfield code="7">0</subfield>
    <subfield code="a">BFM</subfield>
    <subfield code="b">BFM</subfield>
    <subfield code="c">CR</subfield>
    <subfield code="d">2015-02-05</subfield>
    <subfield code="g">520.00</subfield>
    <subfield code="l">12</subfield>
    <subfield code="m">9</subfield>
    <subfield code="o">576.8 10 CAR</subfield>
    <subfield code="p">3436</subfield>
    <subfield code="q">2029-03-01</subfield>
    <subfield code="r">2016-04-27</subfield>
    <subfield code="s">2016-04-27</subfield>
    <subfield code="t">Ej. 8</subfield>
    <subfield code="w">2015-02-05</subfield>
    <subfield code="y">BK</subfield>
    <subfield code="z">COMPRA ENERO 2015</subfield>
  </datafield>
  <datafield tag="952" ind1=" " ind2=" ">
    <subfield code="0">0</subfield>
    <subfield code="1">0</subfield>
    <subfield code="2">ddc</subfield>
    <subfield code="4">0</subfield>
    <subfield code="7">0</subfield>
    <subfield code="a">BFM</subfield>
    <subfield code="b">BFM</subfield>
    <subfield code="c">CR</subfield>
    <subfield code="d">2015-04-30</subfield>
    <subfield code="e">Compra PROMED 3er A&#xD1;O, Abril 2015</subfield>
    <subfield code="g">550.00</subfield>
    <subfield code="l">12</subfield>
    <subfield code="m">13</subfield>
    <subfield code="o">576.8 10 CAR</subfield>
    <subfield code="p">3484</subfield>
    <subfield code="q">2029-03-01</subfield>
    <subfield code="r">2016-02-29</subfield>
    <subfield code="s">2016-02-29</subfield>
    <subfield code="t">Ej.9</subfield>
    <subfield code="w">2015-04-30</subfield>
    <subfield code="y">BK</subfield>
    <subfield code="z">Compra PROMED 3er A&#xD1;O, Abril 2015</subfield>
  </datafield>
  <datafield tag="952" ind1=" " ind2=" ">
    <subfield code="0">0</subfield>
    <subfield code="1">0</subfield>
    <subfield code="2">ddc</subfield>
    <subfield code="4">0</subfield>
    <subfield code="7">0</subfield>
    <subfield code="a">BFM</subfield>
    <subfield code="b">BFM</subfield>
    <subfield code="d">2015-04-30</subfield>
    <subfield code="e">Compra PROMED 3er A&#xD1;O, Abril 2015</subfield>
    <subfield code="g">550.00</subfield>
    <subfield code="l">27</subfield>
    <subfield code="m">2</subfield>
    <subfield code="o">576.8 10 CAR</subfield>
    <subfield code="p">3485</subfield>
    <subfield code="r">2023-10-06</subfield>
    <subfield code="s">2023-09-28</subfield>
    <subfield code="t">Ej.10</subfield>
    <subfield code="w">2015-04-30</subfield>
    <subfield code="y">BK</subfield>
    <subfield code="z">Compra PROMED 3er A&#xD1;O, Abril 2015</subfield>
  </datafield>
  <datafield tag="952" ind1=" " ind2=" ">
    <subfield code="0">0</subfield>
    <subfield code="1">0</subfield>
    <subfield code="2">ddc</subfield>
    <subfield code="4">0</subfield>
    <subfield code="7">0</subfield>
    <subfield code="a">BFM</subfield>
    <subfield code="b">BFM</subfield>
    <subfield code="c">CR</subfield>
    <subfield code="d">2016-04-20</subfield>
    <subfield code="e">COMPRA PROMED 3er A&#xD1;O, ABRIL 2016</subfield>
    <subfield code="g">684.00</subfield>
    <subfield code="l">19</subfield>
    <subfield code="m">6</subfield>
    <subfield code="o">576.8 10 CAR</subfield>
    <subfield code="p">3690</subfield>
    <subfield code="r">2023-10-04</subfield>
    <subfield code="s">2023-09-28</subfield>
    <subfield code="t">Ej.11</subfield>
    <subfield code="w">2016-04-20</subfield>
    <subfield code="y">BK</subfield>
    <subfield code="z">COMPRA PROMED 3er A&#xD1;O, ABRIL 2016</subfield>
  </datafield>
  <datafield tag="952" ind1=" " ind2=" ">
    <subfield code="0">0</subfield>
    <subfield code="1">0</subfield>
    <subfield code="2">ddc</subfield>
    <subfield code="4">0</subfield>
    <subfield code="7">0</subfield>
    <subfield code="a">BFM</subfield>
    <subfield code="b">BFM</subfield>
    <subfield code="c">CR</subfield>
    <subfield code="d">2016-04-20</subfield>
    <subfield code="e">COMPRA PROMED 3er A&#xD1;O, ABRIL 2016</subfield>
    <subfield code="g">684.00</subfield>
    <subfield code="l">19</subfield>
    <subfield code="m">3</subfield>
    <subfield code="o">576.8 10 CAR</subfield>
    <subfield code="p">3691</subfield>
    <subfield code="r">2024-11-06</subfield>
    <subfield code="s">2024-10-22</subfield>
    <subfield code="t">Ej.12</subfield>
    <subfield code="w">2016-04-20</subfield>
    <subfield code="y">BK</subfield>
    <subfield code="z">COMPRA PROMED 3er A&#xD1;O, ABRIL 2016. Sede Tordos.</subfield>
    <subfield code="f"></subfield>
  </datafield>
  <datafield tag="952" ind1=" " ind2=" ">
    <subfield code="0">0</subfield>
    <subfield code="1">0</subfield>
    <subfield code="2">ddc</subfield>
    <subfield code="4">0</subfield>
    <subfield code="7">0</subfield>
    <subfield code="a">BFM</subfield>
    <subfield code="b">BFM</subfield>
    <subfield code="c">CR</subfield>
    <subfield code="d">2016-04-20</subfield>
    <subfield code="e">COMPRA PROMED 3er A&#xD1;O, ABRIL 2016</subfield>
    <subfield code="g">684.00</subfield>
    <subfield code="l">26</subfield>
    <subfield code="m">8</subfield>
    <subfield code="o">576.8 10 CAR</subfield>
    <subfield code="p">3692</subfield>
    <subfield code="r">2019-11-21</subfield>
    <subfield code="s">2019-11-19</subfield>
    <subfield code="t">Ej.13</subfield>
    <subfield code="w">2016-04-20</subfield>
    <subfield code="y">BK</subfield>
    <subfield code="z">COMPRA PROMED 3er A&#xD1;O, ABRIL 2016. Sede Tordos.</subfield>
    <subfield code="f"></subfield>
  </datafield>
  <datafield tag="952" ind1=" " ind2=" ">
    <subfield code="0">0</subfield>
    <subfield code="1">0</subfield>
    <subfield code="2">ddc</subfield>
    <subfield code="4">0</subfield>
    <subfield code="7">0</subfield>
    <subfield code="a">BFM</subfield>
    <subfield code="b">BFM</subfield>
    <subfield code="c">CR</subfield>
    <subfield code="d">2016-04-20</subfield>
    <subfield code="e">COMPRA PROMED 3er A&#xD1;O, ABRIL 2016</subfield>
    <subfield code="g">684.00</subfield>
    <subfield code="l">24</subfield>
    <subfield code="m">9</subfield>
    <subfield code="o">576.8 10 CAR</subfield>
    <subfield code="p">3693</subfield>
    <subfield code="r">2025-10-14</subfield>
    <subfield code="s">2025-10-03</subfield>
    <subfield code="t">Ej.14</subfield>
    <subfield code="w">2016-04-20</subfield>
    <subfield code="y">BK</subfield>
    <subfield code="z">COMPRA PROMED 3er A&#xD1;O, ABRIL 2016. Sede Tordos.</subfield>
    <subfield code="f"></subfield>
  </datafield>
  <datafield tag="952" ind1=" " ind2=" ">
    <subfield code="0">0</subfield>
    <subfield code="1">0</subfield>
    <subfield code="2">ddc</subfield>
    <subfield code="4">0</subfield>
    <subfield code="7">0</subfield>
    <subfield code="a">BFM</subfield>
    <subfield code="b">BFM</subfield>
    <subfield code="c">CR</subfield>
    <subfield code="d">2016-04-20</subfield>
    <subfield code="e">COMPRA PROMED 3er A&#xD1;O, ABRIL 2016</subfield>
    <subfield code="g">684.00</subfield>
    <subfield code="l">23</subfield>
    <subfield code="m">5</subfield>
    <subfield code="o">576.8 10 CAR</subfield>
    <subfield code="p">3694</subfield>
    <subfield code="r">2024-11-06</subfield>
    <subfield code="s">2024-10-29</subfield>
    <subfield code="t">Ej.15</subfield>
    <subfield code="w">2016-04-20</subfield>
    <subfield code="y">BK</subfield>
    <subfield code="z">COMPRA PROMED 3er A&#xD1;O, ABRIL 2016. Sede Tordos.</subfield>
    <subfield code="f"></subfield>
  </datafield>
</record>
